00195nam a22000857a 4500082000800000100001700008245005900025260001700084300000800101 aROB aRobert Burke aHazardous materials chemistry for emergency responders aLondonc2012 a368